Lectures on surfaces : (almost) everything you wanted to know about them
Saved in:
| Main Authors: | , |
|---|---|
| Format: | Book |
| Language: | English |
| Published: |
Providence, R.I. : [Philadelphia] :
American Mathematical Society ; Mathematics Advances Study Semesters,
c2008.
|
| Series: | Student mathematical library ;
46 |
| Subjects: | |
| Tags: |
Add Tag
No Tags, Be the first to tag this record!
|
MARC
| LEADER | 00000nam a2200000 a 4500 | ||
|---|---|---|---|
| 001 | 1/111321 | ||
| 008 | 160708t2008####riu| ||| |||| ||eng|| | ||
| 020 | |a 9780821846797 | ||
| 040 | |a GR-MyUa |b gre |c GR-MyUa |e AACR2 | ||
| 041 | 0 | |a eng | |
| 082 | 7 | |a 516 |2 (23) | |
| 100 | 1 | |a Katok, A. B. | |
| 245 | 1 | 0 | |a Lectures on surfaces : |b (almost) everything you wanted to know about them / |c Anatole Katok, Vaughn Climenhaga. |
| 260 | |a Providence, R.I. : |b American Mathematical Society ; |a [Philadelphia] : |b Mathematics Advances Study Semesters, |c c2008. | ||
| 300 | |a xv, 286 σ. : |b σχέδια ; |c 22 εκ. | ||
| 490 | 1 | |a (Student mathematical library ; |v 46) | |
| 504 | |a Βιβλιογραφία: σ.271-274. Ευρετήριο. | ||
| 650 | 0 | |a Surfaces | |
| 700 | 1 | |a Climenhaga, Vaughn |d 1982- |e aut | |
| 830 | 0 | |a Student mathematical library ; |v 46 | |
| 852 | |a INST |b SAMOS |e 20160708 |h 516 KAT |p 005300043693 |q 005300043693 |t BK |y 0 | ||
| 922 | |a 3ΕΛΗ |b 201601 |c Τμήμα Μαθηματικών |d Διαδρομές | ||
| 970 | |a Κοσιέρης |b Χρήστος |z 08-07-2016 | ||